| 000 | 00474nam a2200157 4500 | ||
|---|---|---|---|
| 001 | 121019 | ||
| 003 | ES-MaACL | ||
| 005 | 20230906191654.0 | ||
| 007 | t| | ||
| 008 | 070214s1971 sp r ||||1| spa d | ||
| 100 | 1 |
_aPonce de León, José Luis S. _992949 |
|
| 245 | 1 | 3 |
_aLa novela española de la guerra civil _b: ( 1936-1939) / _cJosé Luis S. Ponce de León. |
| 260 |
_aMadrid : _bInsula, _c1971. |
||
| 300 |
_a210 p. ; _c23 cm. |
||
| 852 |
_aES-MaACL _jC-38384 _bR.78795 |
||
| 999 |
_c121019 _d121019 |
||